| 000 | 01571nam a2200205Ia 4500 | ||
|---|---|---|---|
| 003 | Ost | ||
| 005 | 20260507075741.0 | ||
| 008 | 260507s9999||||xx |||||||||||||| ||und|| | ||
| 040 | _cfsecg | ||
| 041 | _aara | ||
| 082 | _a910.285 | ||
| 100 |
_aالدويكان، قاسم _eمؤلف |
||
| 245 | 0 |
_aأنظمة المعلومات الجغرافية / _c قاسم الدويكان |
|
| 260 |
_aعمان: _b[دون ناشر], _c2000 |
||
| 300 |
_a319 صفحة؛ _bإيضاحات ؛ _c24 سم |
||
| 520 | _aتعريف أنظمة المعلومات الجغرافية وعناصرها وبرمجياتها،عناصر واستخدامات أنظمة المعلومات الجغرافية،برمجيات أنظمة المعلومات الجغرافية،الأجهزة الصلبة/الكيان المادي في أنظمة المعلومات الجغرافية،نظم التشغيل وبرمجيات أنظمة المعلومات الجغرافية،قاعدة البيانات في أنظمة المعلومات الجغرافية،ادخال البيانات المكانية والتحقق منها وتصحيحها وتخزينها،مراجعة المعلومات المكانية وتصحيحها،أساليب التحليل الجغرافي والوصفي في أنظمة المعلومات الجغرافية،بناء نظام معلوماتي جغرافي،برمجيات ارنكفو لبناء أنظمة المعلومات الجغرافية | ||
| 653 | _aالجغرافيا | ||
| 653 | _aالجغرافيا-نظم المعلومات | ||
| 942 | _cكتاب | ||
| 999 |
_c46137 _d46137 |
||